Months Consonants Quiz Stats

 Plays Quiz Updated Aug 17, 2017

Support Sporcle.
Go Orange.
Score 0/15 Timer 00:30
3 Plays Today
% Correct
???
92.4%
???
92.4%
???
90%
???
89.9%
???
88.7%
???
87.8%
???
86.6%
???
83%
% Correct
???
81%
???
81%
???
75%
???
73.3%
???
71.7%
???
58%
???
46.1%

From the Vault

Famous Movie Songs

by MovieGuru

Movies 8m
Maybe Pulp Fiction should have been a musical.
Remove Ads.
Support Sporcle.
Get the best of Sporcle when you Go Orange. This ad-free experience offers more features, more stats, and more fun while also helping to support Sporcle. Thank you for becoming a member.

Show Comments

Extras

Top Quizzes Today


Score Distribution

Your Account Isn't Verified!

In order to create a playlist on Sporcle, you need to verify the email address you used during registration. Go to your Sporcle Settings to finish the process.

Report this User

Report this user for behavior that violates our Community Guidelines.

Details: